Most powerful militaries in the world - Statistics

General Stats
  • This quiz has been taken 61 times
  • The average score is 41 of 45
Answers on the Map
Answers color-coded by a green-red scale on the quiz's map according to % correct below.
 
Answer Stats
Answer % Correct
Argentina
100%
Brazil
100%
Canada
100%
Mexico
100%
Australia
98%
China
98%
Egypt
98%
France
98%
Germany
98%
India
98%
Iran
98%
Italy
98%
Russia
98%
South Africa
98%
Spain
98%
United Kingdom
98%
United States
98%
Colombia
96%
Thailand
96%
Turkey
96%
Indonesia
94%
Iraq
94%
Japan
94%
North Korea
94%
Poland
94%
South Korea
94%
Sweden
94%
Ukraine
94%
Israel
92%
Pakistan
92%
Saudi Arabia
92%
Vietnam
92%
Philippines
90%
Nigeria
88%
Greece
86%
Norway
84%
Algeria
82%
Malaysia
82%
Myanmar
82%
Portugal
82%
Netherlands
80%
Switzerland
76%
Taiwan
74%
Bangladesh
68%
Singapore
48%
No matching quizzes found
Score Distribution
Percent of People with Each Score
Percentile by Number Answered
Your Score History
You have not taken this quiz